000 00452 a2200109 4500
001 ART_46584
005 20260410161827.0
008 260409a
245 1 0 _aTendencias de cambio en la enseñanza universitaria, aportes para el debate macro y micfro en la Facultad de Ciencias Económicas y Sociales de la Universidad de Mar del Plata
100 1 _aHammond, Fernando
773 0 _tFACES
_g- Año 22, Nº 47 (jul./dic. 2016)
_wREV5046
999 _c22885
_d22885